000 00807nam a2200301Ia 4500
001 6308
003 IT-RoPAU
008 130308s9999 xx 000 0 und d
040 _aIT-RoPAU
040 _cIT-RoPAU
041 _aITALIANO
100 _aGamba Carlo
100 _gCodice Aut. SPICS: 6298
245 _aIter formativo per gli insegnanti grafici salesiani
245 _bFormazione integrale del docente Grafico
250 _a1a ed.
260 _aTORINO
260 _bSEI
260 _c1969 [1° Ed.:1969 - Ed.Ling.Originale:1969]
300 _a"7 p. (prefazione: no ; testo: 7)"
500 _aTabella Riassuntiva dell'Iter Formativo
650 _aEDUCAZIONE ALLA GRAFICA
650 _eCodice materia Spics: 5412
942 _cBK
957 _71
999 _c48324
_d48324
999 _bSI
999 _g1